000 00727nam a2200205Ii 4500
003 JO-AjNU
008 230605s9999||||xx |||||||||||||| ||und||
040 _aJO-AjNU
_bara
_erda
_cJO-AjNU
041 _aara
050 1 4 _aBP166.87.U9288 1993
100 3 _aالعويد، محمد رشيد,
_eauthor
_912832
245 0 0 _aجولات في رياض الجنات
250 _aط1
264 3 1 _aالكويت-بيروت: حواء للنشر والتوزيع ، دار ابن حزم للنشر والتوزيع، 1993
300 _a131ص
336 _atext
_btxt
_2rdacontent
337 _aunmediated
_bn
_2rdamedia
338 _avolume
_bnc
_2rdacarrier
650 4 _aالوعظ والارشاد- الثواب والعقاب
_912833
999 _aA3036
_c6604
_d6604